<?xml version="1.0" encoding="UTF-8"?><?xml-stylesheet type="text/xsl" href="static/style.xsl"?><OAI-PMH xmlns="http://www.openarchives.org/OAI/2.0/" xmlns:xsi="http://www.w3.org/2001/XMLSchema-instance" xsi:schemaLocation="http://www.openarchives.org/OAI/2.0/ http://www.openarchives.org/OAI/2.0/OAI-PMH.xsd"><responseDate>2026-04-27T22:03:12Z</responseDate><request verb="GetRecord" identifier="oai:uvadoc.uva.es:10324/1784" metadataPrefix="marc">https://uvadoc.uva.es/oai/request</request><GetRecord><record><header><identifier>oai:uvadoc.uva.es:10324/1784</identifier><datestamp>2021-07-02T07:43:47Z</datestamp><setSpec>com_10324_30605</setSpec><setSpec>com_10324_894</setSpec><setSpec>col_10324_41</setSpec></header><metadata><record xmlns="http://www.loc.gov/MARC21/slim" xmlns:doc="http://www.lyncode.com/xoai" xmlns:xsi="http://www.w3.org/2001/XMLSchema-instance" xmlns:dcterms="http://purl.org/dc/terms/" xsi:schemaLocation="http://www.loc.gov/MARC21/slim http://www.loc.gov/standards/marcxml/schema/MARC21slim.xsd">
<leader>00925njm 22002777a 4500</leader>
<datafield tag="042" ind1=" " ind2=" ">
<subfield code="a">dc</subfield>
</datafield>
<datafield tag="720" ind1=" " ind2=" ">
<subfield code="a">Cuesta Barbado, Rafael</subfield>
<subfield code="e">author</subfield>
</datafield>
<datafield tag="260" ind1=" " ind2=" ">
<subfield code="c">2012</subfield>
</datafield>
<datafield tag="520" ind1=" " ind2=" ">
<subfield code="a">En esta Tesis se han desarrollado una serie de herramientas de modelado y conceptos de diseño de proceso para el control y la minimización de los fenómenos de inclusión de fases no metálicas durante el llenado de moldes de fundición. Los trabajos se han centrado en moldes de línea de partición vertical, incluyendo dos tipos de procesos: colada gravitatoria y la técnica de moldeo antigravitatorio mediante bomba electromagnética. El estudio se ha centrado preferentemente en las aleaciones de aluminio, magnesio y hierro dúctil.</subfield>
</datafield>
<datafield tag="024" ind2=" " ind1="8">
<subfield code="a">http://uvadoc.uva.es/handle/10324/1784</subfield>
</datafield>
<datafield tag="024" ind2=" " ind1="8">
<subfield code="a">b1647422</subfield>
</datafield>
<datafield tag="024" ind2=" " ind1="8">
<subfield code="a">10.35376/10324/1784</subfield>
</datafield>
<datafield ind1=" " ind2=" " tag="653">
<subfield code="a">Fundición</subfield>
</datafield>
<datafield ind1=" " ind2=" " tag="653">
<subfield code="a">Moldes (Trabajo de los metales)</subfield>
</datafield>
<datafield ind1=" " ind2=" " tag="653">
<subfield code="a">Óxidos</subfield>
</datafield>
<datafield tag="245" ind1="0" ind2="0">
<subfield code="a">Fenómenos de inclusión de fases no metálicas en el llenado de moldes de fundición</subfield>
</datafield>
</record></metadata></record></GetRecord></OAI-PMH>